000 01203nam a2200253Ia 4500
999 _c4129
_d4129
003 OSt
005 20200420173515.0
008 191128s2013 ck ao gr 000 0dspa d
020 _a9789585760844
040 _aCO-JMCR
_cCO-JMCR
041 0 _aspa
082 0 4 _a303.609861 /
_bC397b
245 0 _a¡Basta ya! : Colombia :
_bMemorias de guerra y dignidad/
260 _a[Bogotá] :
_bCentro Nacional de Memoria Historica,
_c2013
300 _a429 Páginas :
_bIlustraciones, fotografías a color ;
_c21 X 28 cm
300 _c
505 _aUna guerra prolongada y degradada. Dimensiones y modalidades de violencia -- Los orígenes, de las dinámicas y el crecimiento del conflicto armado
520 _aEste informe da cuenta de más de 50 años de conflicto armado en nuestro país. Revela la enorme magnitud, ferocidad y degradación de la guerra librada, y las graves consecuencias e impactos sobre la población civil. Se trata de una guerra difícil de explic
650 1 4 _aConflicto armado
_zColombia
_93310
650 2 4 _aAspectos sociales
_zColombia
_93311
650 2 4 _aInformes Víctimas de la violencia
_zColombia
_93312
650 2 4 _aAspectos sociales
_zColombia
_93311
942 _2ddc
_cBK